NBA - Statistics

General Stats
  • This quiz has been taken 31 times
  • The average score is 27 of 30
Answer Stats
Picture Answer % Correct
Boston Celtics
100%
Chicago Bulls
100%
GOLDEN STATE WARRIORS
100%
Los Angeles Lakers
100%
Charlotte Hornets
96%
Cleveland Cavaliers
96%
Houston Rockets
96%
Memphis Grizzlies
96%
Miami Heat
96%
Milwaukee Bucks
96%
San Antonio Spurs
96%
Brooklyn Nets
91%
Denver Nuggets
91%
Los Angeles Clippers
91%
Phoenix Suns
91%
Utah Jazz
91%
Atlanta Hawks
87%
Indiana Pacers
87%
Minnesota Timberwolves
87%
Oklahoma City Thunder
87%
Portland Trail Blazers
87%
Toronto Raptors
87%
Dallas Mavericks
83%
Orlando Magic
83%
Sacramento Kings
83%
Washington Wizards
83%
New Orleans Pelicans
78%
New York Knicks
78%
Philadelphia 76ers
74%
Detroit Pistons
70%
No matching quizzes found
Score Distribution
Percent of People with Each Score
Percentile by Number Answered
Your Score History
You have not taken this quiz